Hồ Chí Minh với văn nghệ sĩ - văn nghệ sĩ với Hồ Chí Minh
Giới thiệu các nghiên cứu - Lý luận - Phê bình.
Gardado en:
| Autor Principal: | |
|---|---|
| Formato: | Libro |
| Idioma: | Undetermined |
| Publicado: |
Hà Nội
Hội nhà văn
2013
|
| Những chủ đề: | |
| Các nhãn: |
Engadir etiqueta
Sen Etiquetas, Sexa o primeiro en etiquetar este rexistro!
|
| Thư viện lưu trữ: | Trung tâm Học liệu Trường Đại học Cần Thơ |
|---|
| LEADER | 00725nam a2200205Ia 4500 | ||
|---|---|---|---|
| 001 | CTU_190330 | ||
| 008 | 210402s9999 xx 000 0 und d | ||
| 082 | |a 959.704092 | ||
| 082 | |b Th312/T.9 | ||
| 100 | |a Hữu, Thỉnh | ||
| 245 | 0 | |a Hồ Chí Minh với văn nghệ sĩ - văn nghệ sĩ với Hồ Chí Minh | |
| 245 | 0 | |c Hữu Thỉnh (Chủ biên) | |
| 260 | |a Hà Nội | ||
| 260 | |b Hội nhà văn | ||
| 260 | |c 2013 | ||
| 520 | |a Giới thiệu các nghiên cứu - Lý luận - Phê bình. | ||
| 650 | |a Communists,Đảng Cộng sản Việt Nam | ||
| 650 | |z Vietnam | ||
| 904 | |i Phương, Như | ||
| 980 | |a Trung tâm Học liệu Trường Đại học Cần Thơ | ||